The Routledge History of Literature in English: (Record no. 215139)
[ view plain ]
| 000 -LEADER | |
|---|---|
| fixed length control field | 00864nam a22002177a 4500 |
| 005 - DATE AND TIME OF LATEST TRANSACTION | |
| control field | 20260504144335.0 |
| 010 ## - LCCN (DPL NO) | |
| LC control number | B-778332-337 BACEN26 |
| 020 ## - INTERNATIONAL STANDARD BOOK NUMBER | |
| International Standard Book Number | 9780415791021 |
| Terms of availability | 795.00 |
| 035 ## - SYSTEM CONTROL NUMBER | |
| System control number | B-778332-337 |
| 037 ## - SOURCE OF ACQUISITION | |
| Source of stock number/acquisition | Heritage pub. |
| 082 ## - DEWEY DECIMAL CLASSIFICATION NUMBER | |
| Edition number | 3 |
| Classification number | 880 |
| 100 ## - MAIN ENTRY--PERSONAL NAME | |
| Personal name | Carter, Ronald |
| 245 ## - TITLE STATEMENT | |
| Title | The Routledge History of Literature in English: |
| Remainder of title | Britain and Ireland/ |
| Statement of responsibility, etc | Ronald Carter [and] John Mcrae |
| 250 ## - EDITION STATEMENT | |
| Edition statement | 3 |
| 260 ## - PUBLICATION, DISTRIBUTION, ETC. (IMPRINT) | |
| Name of publisher, distributor, etc | Routledge |
| Date of publication, distribution, etc | 2025 |
| Place of publication, distribution, etc | Oxon |
| 270 ## - ADDRESS | |
| Address | 2 Park Square, Milton Park, Abingdon |
| City | Oxon |
| 300 ## - PHYSICAL DESCRIPTION | |
| Extent | xv, 605p. |
| Dimensions | 23cm(pb) |
| 700 ## - ADDED ENTRY--PERSONAL NAME | |
| Personal name | Mcrae, John |
| Relator term | Author |
| 9 (RLIN) | 87712 |
| 942 ## - ADDED ENTRY ELEMENTS (KOHA) | |
| Source of classification or shelving scheme | Dewey Decimal Classification |
| Item type | English Books |
| Call number suffix | CAR |
| Classification part | 880 |
| Withdrawn status | Lost status | Not for loan | Collection code | Home library | Current library | Date acquired | Source of acquisition | Cost, normal purchase price | Full call number | Barcode | Copy number | Cost, replacement price | Koha item type |
|---|---|---|---|---|---|---|---|---|---|---|---|---|---|
| Non-fiction | Ashok Vihar | Ashok Vihar | 04/05/2026 | Heritage Publishers/2502/25.03.2026/1229/25.03.2026/25.03.2026 | 795.00 | CAR 880 | B-778333 | 1 | 795.00 | English Books | |||
| Non-fiction | Bawana | Bawana | 04/05/2026 | Heritage Publishers/2502/25.03.2026/1229/25.03.2026/25.03.2026 | 795.00 | CAR 880 | B-778335 | 1 | 795.00 | English Books | |||
| Non-fiction | Central Library | Central Library | 04/05/2026 | Heritage Publishers/2502/25.03.2026/1229/25.03.2026/25.03.2026 | 795.00 | CAR 880 | B-778332 | 1 | 795.00 | English Books | |||
| Non-fiction | Community Library Lodhi Road | Community Library Lodhi Road | 04/05/2026 | Heritage Publishers/2502/25.03.2026/1229/25.03.2026/25.03.2026 | 795.00 | CAR 880 | B-778337 | 1 | 795.00 | English Books | |||
| Non-fiction | Shahdara Branch | Shahdara Branch | 04/05/2026 | Heritage Publishers/2502/25.03.2026/1229/25.03.2026/25.03.2026 | 795.00 | CAR 880 | B-778336 | 1 | 795.00 | English Books | |||
| Non-fiction | Vinoba Puri | Vinoba Puri | 04/05/2026 | Heritage Publishers/2502/25.03.2026/1229/25.03.2026/25.03.2026 | 795.00 | CAR 880 | B-778334 | 1 | 795.00 | English Books |
